Концепт "Eeuroscepticism" в англомовних друкованих мас-медіа (Запис № 284889)

МАРК-запис
000 -LEADER
fixed length control field 01335nam a22001577a 4500
041 ## - LANGUAGE CODE
Language code of text/sound track or separate title ukr
080 ## - UNIVERSAL DECIMAL CLASSIFICATION NUMBER
Universal Decimal Classification number 09
090 ## - LOCALLY ASSIGNED LC-TYPE CALL NUMBER (OCLC); LOCAL CALL NUMBER (OCLC)
Local cutter number (OCLC) ; Book number/undivided call number, CALL (RLIN) АТА
100 ## - MAIN ENTRY--PERSONAL NAME
Personal name Атаманюк М. Ю.
245 ## - TITLE STATEMENT
Title Концепт "Eeuroscepticism" в англомовних друкованих мас-медіа
260 ## - PUBLICATION, DISTRIBUTION, ETC. (IMPRINT)
Place of publication, distribution, etc Острог
Name of publisher, distributor, etc КАФ
Date of publication, distribution, etc 2012
300 ## - PHYSICAL DESCRIPTION
Extent 60
520 ## - SUMMARY, ETC.
Summary, etc РОЗДІЛ 1. ОСОБЛИВОСТІ ТРАКТУВАННЯ ПОНЯТТЯ "EUROSCEPTICISM".<br/>1.1. Особливості формування нових понять на прикладі терміну "euroscepticism".<br/>2.1. Класифікація підходів до розуміння поняття "euroscepticism".<br/>РОЗДІЛ 2. КОНТЕНТ-АНАЛІЗ ЯК ОСНОВНИЙ МЕТОД ДОСЛІДЖЕННЯ ЗМІ.<br/>2.1. Основні принципи контент-аналізу.<br/>2.2. Контент-аналіз як кількісний та якісний метод дослідження.<br/>РОЗДІЛ 3. ЗАСТОСУВАННЯ КОНТЕНТ-АНАЛІЗУ В РАМКАХ ДОСЛІДЖЕННЯ КОНЦЕПТУ "EUROSCEPTICISM".<br/>3.1. Визначення категорій.<br/>3.2. Кількісний та якісний контент аналіз статті.
-- мас-медіа, Eeuroscepticism
650 ## - SUBJECT ADDED ENTRY--TOPICAL TERM
Topical term or geographic name as entry element Research Papers
942 ## - ADDED ENTRY ELEMENTS (KOHA)
Koha item type Книги
Фонди
Withdrawn status Lost status Source of classification or shelving scheme Damaged status Not for loan Home library Current library Date acquired Source of acquisition Cost, normal purchase price Total Checkouts Full call number Barcode Date last seen Price effective from Koha item type
    Universal Decimal Classification     ВІЛ - Відділ іноземн. літератури НБ ВІЛ - Відділ іноземн. літератури НБ 17/09/2012 Акт №4 1.00   09 214903 09/11/2021 17/09/2012 Книги